Ecología política naturaleza, sociedad y utopía
Sparad:
| Huvudupphovsman: | |
|---|---|
| Materialtyp: | Text |
| Publicerad: |
Buenos Aires:
CLACSO
|
| Ämnen: | |
| Taggar: |
Lägg till en tagg
Inga taggar, Lägg till första taggen!
|
MARC
| LEADER | 00000 a a2200000 04500 | ||
|---|---|---|---|
| 001 | 38294 | ||
| 003 | |||
| 040 | |a CRAI/IIS |c CRAI/IIS | ||
| 020 | |a 950-9231-74-6 | ||
| 090 | |a 1001 A411e | ||
| 100 | |a Alimonda, Héctor | ||
| 245 | |a Ecología política naturaleza, sociedad y utopía | ||
| 260 | |a Buenos Aires: |b CLACSO | ||
| 300 | |a 350 p. | ||
| 650 | |a ECOLOGIA | ||
| 650 | |a POLITICA | ||
| 999 | |c 4446 |d 4446 | ||



